Detik sejarah rundingan Baling

Bibliographic Details
Main Author: Wan Hamzah Awang
Format: Book
Published: Kuala Lumpur : Utusan Publications , 1985
Subjects:

MARC

LEADER 00000cam a2200000 7i4500
001 0000005643
005 20050420.0
020 |a 9676100714 
040 |a INS 
090 0 0 |a DS596.3.   |b H35 1985 
100 0 |a Wan Hamzah Awang 
245 1 0 |a Detik sejarah rundingan Baling   |c Wan Hamzah Awang 
260 |a Kuala Lumpur :   |b Utusan Publications ,   |c 1985 
300 |a 187 p. :   |b ill ;   |c 21 cm. 
650 0 0 |a History, modern   |y 20th century 
999 |a 0000000186   |b BOOK   |c Open Shelf   |e Default branch